00240nam a2200109Ia 4500008004100000100001000041245002600051260001500077260000900092546001200101999001700113170619s9999 xx 000 0 und d aRyder 0aStrength of Materials bMac Millan c2002 aENGLISH c17505d17505